Czech Republic Anthem Lyrics - Statistics

General Stats
  • This quiz has been taken 24 times
    23 since last reset
  • The average score is 7 of 8
Answer Stats
Text % Correct
Kde domov můj, kde domov můj,
100%
Bory šumí po skalinách,
89%
Země česká domov můj,
89%
Země česká domov můj!
89%
A to je ta krásná země,
84%
Voda hučí po lučinách,
84%
V sadě skví se jara květ,
84%
Zemský ráj to na pohled!
84%
No matching quizzes found
Score Distribution
Percent of People with Each Score
Percentile by Number Answered
Your Score History
You have not taken this quiz since the last reset